Wszyscy członkowie sbm label w historii - Statystyki

Ogólne statystyki
  • Ten quiz został rozwiązany 550 razy
  • Średni wynik to 14 z 23
Statystyki odpowiedzi
Rola Ksywa % Poprawnych
Założyciel Białas
97%
Raper Bedoes
96%
Raper White 2115
95%
Założyciel Solar
94%
Raper Jan
92%
Raper Mata
92%
Producent Lanek
86%
Duet Kacperczyk
81%
Raper Janusz Walczuk
80%
Raper Beteo
77%
Raper Kinny zimmer
77%
Raper Adi Nowak
71%
Raper Fukaj
68%
Producent Kubi
54%
Raper Moli
46%
Legenda Dj Johny
42%
Artystka Zui
33%
Producent Deemz
29%
Raper Tomb
29%
Raper Deys
19%
Raper Adm
18%
Producent Nocny
12%
Raper Wiatr
8%
Nie znaleziono quizów pasujących do podanych kryteriów
Rozkład punktacji
Procent ludzi z każdym wynikiem
Percentyl według liczby udzielonych odpowiedzi
Twoja historia wyników
Nie rozwiązałeś tego quizu